1824 1764 1523 1333 1269 1601 1036 1629 1200 1337 1048 1068 1841 1503 1441 1773 1197 1181 1555 1715 1242 1675 1323 1210 1786 1282 1535 1351 1968 1622 1772 1673 1931 1690 1370 1310 1721 1890 1288 1568 1648 1910 1199 1560 1116 1575 1576 1857 1102 1992 1952 1083 1286 1716 1074 1650 1132 1906 1821 1499 1647 1824 1321 1728 1227 1896 1020 1850 1953 1882 1849 1749 1090 1313 1120 1848 1885 1990 1352 1629 1437 1758 1503 1765 1173 1483 1177 1002 1887 1178 1127 1773 1697 1218 1480 1628 1372 1374 1994 BCNSPRNW ULIB Ver.6.0+V

เปลี่ยนเป็นภาษาไทย

Change to English
 แสดงรายละเอียดบรรณานุกรม
  กลับหน้าหลัก

Brief Record : Get Marc (ISO 2709) : E-mail record : QR code < ปิดหน้าต่าง
LEADER : 00000nam 2200000uu 4500
001    13399113562
003     ULIB
008    111128s2553||||th 000 0 tha d
020    ^a9786167123561
090    ^aนว.^bน482อ 2553
100 0  ^aนาราจันทร์
245 00 ^aอุ่นไอสายใยรัก/^cนาราจันทร์
250    ^aพิมพ์ครั้งที่ 1
260    ^aกรุงเทพฯ :^bGreen Mine,^c2553
300    ^a359 หน้า
710 1  ^aGreen Mine
945    ^p249^l0^i17055
995    ^aกัณชพร
999    ^aใช้งานได้ทุกระบบ
รายการนี้ยังไม่มีแท็ก
คุณยังไม่ได้ล็อกอิน คุณสามารถมีกิจกรรมร่วมกับเว็บไซต์ได้ แต่ต้องล็อกอินก่อน ::
  ล็อกอิน

รายการสื่อสารสนเทศ

ลำดับที่ ประเภท เลขเรียก/บาร์โค้ด สถานที่ สถานะ
1. นวนิยาย
นวนิยาย
นว. น482อ 2553  
  Barcode: 17055
ห้องสมุดวิทยาเขตสวรรค์ประชารักษ์
►นวนิยาย
บนชั้น
  ขอยืม

BibComment


ยังไม่เคยถูกคอมเมนท์

คอมเมนท์ทรัพยากรรายการนี้
  คอมเมนท์: อุ่นไอสายใยรัก น..


 Copyright 2026. Bcnsprnw @Library